000 01200nam a2200253Ia 4500
001 17733
003 GE_BSU
008 181216s||||||||xx |||||||||||||| ||und||
020 _a9789941408915
040 _cGE_BSU
080 _a636.002.5(075.5)
100 _aციბაძე,ზურაბ
245 _aმეცხოველეობის ფერმების მექანიზაცია
245 _bსახელმძღვანელო
260 _aქუთაისი
260 _bაკაკი წერეთლის სახ. უნ-ტი
260 _c2009
300 _a244გვ.ილ.20სმ.
300 _eბიბლ.გვ.237-238
653 _aმანქანებისა და დანადგარების კომპლექტები, აღწერილობა, ექსპლოატაცია, მოვლა და მათი გამოყენების ეკონომიკური ეფექტიანობა
653 _aმეცხოველეობის ფერმების მექანიზაცია
653 _aსახელმძღვ.
942 _cBK
999 _c50781
_d50781